Lead Singers to Band 2 - Click - Statistics

General Stats
  • This quiz has been taken 351 times
  • The average score is 14 of 24
Answer Stats
Hint Answer % Correct
Guns N' Roses Axl Rose
95%
Hole Courtney Love
76%
Soundgarden Chris Cornell
74%
The Cure Robert Smith
71%
Paramore Hayley Williams
70%
The Stooges Iggy Pop
66%
The Who Roger Daltrey
65%
Nine Inch Nails Trent Reznor
65%
Nickelback Chad Kroeger
64%
Arctic Monkeys Alex Turner
63%
Creedence Clearwater Revival John Fogerty
62%
The Clash Joe Strummer
61%
The Killers Brandon Flowers
60%
Grateful Dead Jerry Garcia
58%
Iron Maiden Bruce Dickinson
55%
My Chemical Romance Gerard Way
52%
Weezer Rivers Cuomo
52%
T. Rex Marc Bolan
51%
Electric Light Orchestra Jeff Lynne
50%
Faces Rod Stewart
49%
Muse Matt Bellamy
46%
Queens of the Stone Age Josh Homme
39%
Foreigner Lou Gramm
35%
The Byrds James McGuinn
29%
No matching quizzes found
Score Distribution
Percent of People with Each Score
Percentile by Number Answered
Your Score History
You have not taken this quiz